000 00298nam a22001337a 4500
999 _c529720
_d529720
003 NUST
038 _aMSOHAIL
082 _a0
100 _aWalter H. Kraft
_922334
245 _aTransportation management center function
260 _aWashington
_bTRB
300 _a69,P;
_c28cm
942 _2ddc
_cBK